000 00664nam a2200289Ia 4500
005 20260324115238.0
008 008 260324s9999 xx 000 0 eng d
020 _a9781032682969
037 _aEBOOK
040 _aCRL
040 _beng
040 _cCRL
041 _2eng
041 _aeng
084 _qCRL
100 _aChris Luzniak
_91153924
245 0 _aUp for Debate!
245 0 _bExploring Math Through Argument
260 _bTaylor and Francis
260 _c2019
365 _a
365 _b120
856 _uhttp://www.taylorfrancis.com/books/9781032682969
942 _cEBOOK
999 _c1744656
_d1744656